000 01069cam a22002771i 4500
003 SA-RiAUC
005 20241011161845.0
008 241006s1991 ts g f000 0 ara c
040 _aJO-AmJU
_bara
_cSA-RiAUC
_erda
043 _aa-su---
050 4 _bH8788. 1991
082 0 4 _a215.2
_qSA-RiAUC
090 _a215.2
_bح س ن
100 1 _aالحسني، محمد بن علوي المالكي،
_d1367-1425 هجري
_eمؤلف.
245 1 0 _aشفاء الفؤاد بزيارة خير العباد /
_cمحمد بن علوي المالكي.
250 _aالطبعة الأولى.
264 1 _aأبو ظبي :
_bوزارة الشؤون الإسلامية والأوقاف،
_c1991
300 _a246 صفحة ؛
_c24 سم
336 _aنص
_btxt
_2rdacontent
_3كتاب
337 _aبدون وسيط
_bn
_2rdamedia
338 _aمجلد
_bnc
_2rdacarrier
610 2 7 _aالمسجد النبوي الشريف
_2aucnm
650 7 _aزيارة المدينة المنورة
_2aucsh
942 _2ddc
_cBOOK
_n0
949 _aSA-JeALM
_d241006
_umohamedma123
_n1
999 _c1191
_d1191